Higher multiplicities and almost free divisors and complete intersections

Αποθηκεύτηκε σε:
Λεπτομέρειες βιβλιογραφικής εγγραφής
Κύριος συγγραφέας: Damon, James 1945-
Μορφή: Βιβλίο
Γλώσσα:English
Δημοσίευση: Providence, Rhode island : American Mathematical Society, c1996
Σειρά:Memoirs of the American Mathematical Society ; ; 589
Θέματα:
Ετικέτες: Προσθήκη ετικέτας
Δεν υπάρχουν, Καταχωρήστε ετικέτα πρώτοι!

MARC

LEADER 00000nam a2200000 i 4500
001 1/91454
008 991018s1996 eng d
020 |a 0821804812 
035 |l 10053598 
040 |a GR-MY-UA  |b gre  |e aacr 
041 0 |a eng 
082 0 |a 515.98 
100 1 |a Damon, James  |d 1945- 
245 1 0 |a Higher multiplicities and almost free divisors and complete intersections /  |c James Damon 
260 |a Providence, Rhode island :   |b American Mathematical Society,   |c c1996 
300 |a viii, 117 p.;  |b ill.;  |c 26 cm. 
490 1 |a Memoirs of the American Mathematical Society  |v ; 589 
500 |a Volume 123, number 589 (end of volume) 
500 |a Includes bibliographical references 
650 0 0 |a Singularities (Mathematics) 
650 0 0 |a Holomorphic mappings. 
830 0 |a Memoirs of the American Mathematical Society ;  |v ; 589 
852 |a INST  |b SAMOS  |e 19991018  |h 515.98 DAM  |p 005300012476  |q 005300012476  |t BK  |y 0 
901 |a BIBL3-1999-3 
909 |a Σ  |b 063300 
922 |a 3ΕΛΗ  |b 199907  |c ΕΠΕΑΕΚ/ΜΑΘ  |d ΠΑΠΑΣΩΤΗΡΙΟΥ 
970 |a ΓΕΝΟΥΖΟΥ  |b ΧΡΥΣΑΝΘΗ  |z 1999/10/18